| 000 | 00841nam a2200217Ia 4500 | ||
|---|---|---|---|
| 999 |
_c40783 _d40783 |
||
| 001 | 7422 | ||
| 003 | GE_BSU | ||
| 005 | 20231204165458.0 | ||
| 008 | 181216s1956||||ge |||||||||||||| ||geo|| | ||
| 040 | _cGE_BSU | ||
| 041 | _ageo | ||
| 080 | _a82-93 დ-16 | ||
| 100 |
_aდათუაშვილი, გიორგი _920572 |
||
| 245 |
_aმომღერალი ქვიშა : _bმოთხრობები / _cგიორგი დათუაშვილი ; ნ. კეცხოველი. |
||
| 264 |
_aთბილისი : _bსაბლიტგამი, _c1956. |
||
| 300 |
_a72 გვ. ; _c22 სმ. |
||
| 653 | _aმოთხრობები | ||
| 653 | _aმომღერალი ქვიშა | ||
| 700 |
_aკეცხოველი, ნ. _eრედაქტორი _920573 |
||
| 942 |
_cBK _2udc |
||